| 000 | 01026naa a22002897a 4500 | ||
|---|---|---|---|
| 001 | BR8801075 | ||
| 003 | BR-BrBNA | ||
| 005 | 20240918175949.0 | ||
| 007 | ta | ||
| 008 | 230509b bl.||||| |||| 00| 0 por d | ||
| 040 |
_aBR-BrBNA _bpor _cBiblioteca Nacional de Agricultura |
||
| 041 | _a(Pt) | ||
| 072 |
_aE13 _b0311 |
||
| 090 | _aE13 BR8801075 | ||
| 100 | 1 | _aPimentel, A.F. | |
| 111 | 1 |
_a1. Seminario sobre a Cultura do Coco _cAracaju, SE (Brazil) _d1984 |
|
| 245 | 1 | _aCredito rural e a cultura do coco | |
| 246 | 1 | _a[Rural credit and coconut cultivation] | |
| 246 | 1 | _a[Annals of the Its Seminary about Coconut Cultivation] | |
| 260 | 3 |
_aAracaju, SE (Brasil): _c1986. |
|
| 500 | _aAnais do 1. Seminario sobre a Cultura do Coco Aracaju, SE (Brasil): 1986. p. 47-52 (BR8801075-AM)E13 | ||
| 650 | _aCOCO | ||
| 650 | _aCREDITO RURAL | ||
| 773 | 0 |
_tAnais do 1. Seminario sobre a Cultura do Coco _wE13 BR8801075 _gAracaju, SE (Brasil), 1986. p. 47-52 |
|
| 909 |
_a202404 _bLucia _c55 _dLucia Elande |
||
| 942 |
_cAM _2AGRIS |
||
| 999 |
_c319004 _d319004 |
||